000 00881nam a2200205 i 4500
001 94114
003 ES-MaACL
005 20230906181412.0
007 t|
008 050621s2004 sp ||||1| spa d
080 _a636.09:061.231(091)
100 1 _aMoraleda Benítez, Manuel.
_982959
245 1 0 _aAspectos históricos de los colegios y asociaciones veterinarias
_b: discurso pronunciado en su toma de posesión como académico de honor ... Manuel Moraleda Benítez, discurso de contestación del académico de número ... Tomás Pérez García.
260 _aMadrid :
_bInstituto de España :
_bReal Academia de Ciencias Veterinarias,
_c2004.
300 _a62 p. ;
_c24 cm.
700 1 _aPérez García, Tomás.
_990897
710 2 _aInstituto de España.
_94873
710 2 _aReal Academia de Ciencias Veterinarias de Madrid.
_96300
852 _aES-MaACL
_jL-29204
_bR.135872
999 _c94114
_d94114